Funerálny dizajn

Salvato in:
Dettagli Bibliografici
Autore principale: Suchá, Lucia (Autore)
Altri autori: Lipková, Michala (Relatore della tesi)
Natura: Manoscritto Libro
Lingua:slovacco
Pubblicazione: Bratislava 2019
Soggetti:
Accesso online:http://is.stuba.sk/zp/portal_zp.pl?podrobnosti=133805
Tags: Aggiungi Tag
Nessun Tag, puoi essere il primo ad aggiungerne!!

MARC

LEADER 00000ntm a22000003a 4500
001 stuzp74850
003 SK-STU
005 20200923094045.2
007 ta
008 150427s2015----xo-----f-mn---000-0-slo-d
040 |a STU  |b slo 
041 0 |a slo 
100 1 |a Suchá, Lucia  |u 059190  |4 aut  |U FAD Fakulta architektúry  |T FA Ústav dizajnu  |X 65457  |U A9190  |Y 400  |7 65457 
242 0 1 |a Funeral design  |y eng 
245 1 0 |a Funerálny dizajn 
260 |c 2019  |a Bratislava 
650 4 |a pozostatky  |2 slo 
650 4 |a urna  |2 slo 
650 4 |a rituál  |2 slo 
650 4 |a cintorín  |2 slo 
650 4 |a pohreb  |2 slo 
650 4 |a remains  |2 eng 
650 4 |a urn  |2 eng 
650 4 |a ritual  |2 eng 
650 4 |a cemetery  |2 eng 
650 4 |a burial  |2 eng 
700 1 |a Lipková, Michala  |u 059190  |k Z1  |4 ths  |U FAD Fakulta architektúry  |T FA Ústav dizajnu  |X 15371  |U A9190  |Y 400  |7 A000015371 
856 4 |u http://is.stuba.sk/zp/portal_zp.pl?podrobnosti=133805  |u https://opac.crzp.sk/?fn=detailBiblioForm&sid=819BE1355532A4D3171166AB1E91